Qualidade total nas organizações (Record no. 130922)

MARC details
000 -LÍDER
campo de controle de tamanho fixo 00673 a2200181 4500
001 - NÚMERO DE CONTROLE
campo de controle 130922
020 ## - ISBN - INTERNATIONAL STANDARD BOOK NUMBER
ISBN - International Standard Book Number 85-224-0797-5
040 ## - FONTE DA CATALOGAÇÃO
Instituição que transcreveu o registro Leonardo Da Vinci
041 ## - CÓDIGO DE IDIOMA
Código do idioma do texto/trilha sonora ou título diferente Português
082 ## - CDD - CLASSIFICAÇÃO DECIMAL DE DEWEY
Número de Classificação 658.4013 G392q
Número do exemplar G392q
100 ## - ENTRADA PRINCIPAL--NOME PESSOAL
Nome pessoal GIL, Antonio de Loureiro
245 ## - TÍTULO
Título Qualidade total nas organizações
Restante do título indicadores de qualidade, gestão econômica da qualidade e sistemas<br/>especialistas de qualidade
260 ## - PUBLICAÇÃO, DISTRIBUIÇÃO, ETC.
Nome do editor, distribuidor, etc. Atlas
Data da publicação, distribuição, etc. 1992
Local de publicação, distribuição, etc. São Paulo
300 ## - DESCRIÇÃO FÍSICA
Extensão 110
362 ## - DATAS DE PUBLICAÇÃO E/OU DESIGNAÇÃO SEQUENCIAL
Datas de publicação e/ou designação sequencial 19920000
697 ## - ENTRADA DE ASSUNTO LOCAL--ENTIDADE COLETIVA (RLIN)
Nome corporativo ou nome da jurisdição Administração
-- Comportamento organizacional
-- Aprendizagem organizacional
-- Qualidade
-- Qualidade organizacional
-- Qualidade total
-- Controle de qualidade
-- FIPEN
942 ## - ELEMENTOS DE ENTRADA ADICIONADOS (KOHA)
Tipo de material Koha Livros
Holdings
Situação do descarte Situação das perdas Situação física Não pode ser emprestado Biblioteca de origem Biblioteca atual Data de aquisição Total de empréstimos Número de chamada completo Código de barras Data de último acesso Data do preço efetivo Tipo de material Koha
        Leonardo Da Vinci - Osasco Leonardo Da Vinci - Osasco 27/03/2024   658.4013 G392q O000443 27/03/2024 27/03/2024 Livros